00647nam a2200157 a 450000100100000000500170001000800410002704000250006810000380009324501270013126000540025870000460031204900090035895201050036799900170047200002792220200930031214.0110405s1974 dr 000 0 spa d aDO-SdBNPbspacBNPHU1 aMateo Martínez, Héctor95498914aLas enfermedades coronarias :bconsejos de prevención /cHéctor Mateo Martínez ; prólogo Mairení Cabral Navarro. a[Santo Domingo ] :bEditora Offset Lyda,c[1974].1 aCabral Navarro, Maireníepról.954990 aBNPD 0010718PDaPDbPDcCTd2011-04-05iLF1l0o p27922-10r2020-06-25w2020-06-25yLFPDZNo se presta c27414d27414